|
|
|
|
| LEADER |
00000nam0a2200000 4500 |
| 001 |
29223 |
| 005 |
20231101205909.0 |
| 010 |
|
|
|a 5020246905
|
| 035 |
|
|
|a (RuTPU)RU\TPU\book\29483
|
| 035 |
|
|
|a BOOK00029558
|
| 090 |
|
|
|a 29223
|
| 100 |
|
|
|a 20011209d1992 k y0rusy50 ca
|
| 101 |
0 |
|
|a rus
|
| 102 |
|
|
|a RU
|
| 105 |
|
|
|a a z 001zy
|
| 200 |
1 |
|
|a Фосфаты элементов четвертой группы
|f И. А. Бондарь, А. Е. Мальшиков; РАН, Ин-т химии силикатов им. И. В. Гребенщикова
|
| 210 |
|
|
|a СПб.
|c Наука
|d 1992
|
| 215 |
|
|
|a 111 с.
|c ил.
|
| 320 |
|
|
|a Библиогр.: с. 98-112 (205 назв.).
|
| 606 |
1 |
|
|a Фосфаты
|x Химия
|2 stltpush
|3 (RuTPU)RU\TPU\subj\74967
|9 86876
|
| 606 |
1 |
|
|a Химические элементы четвертой группы
|2 stltpush
|3 (RuTPU)RU\TPU\subj\75288
|9 87134
|
| 610 |
1 |
|
|a фосфатные системы двойные
|
| 610 |
1 |
|
|a неорганическая химия
|
| 675 |
|
|
|a 546.18
|v 3
|
| 675 |
|
|
|a 546.8
|v 3
|
| 700 |
|
1 |
|a Бондарь
|b И. А.
|g Ираида Адамовна
|
| 701 |
|
1 |
|a Мальшиков
|b А. Е
|
| 712 |
0 |
2 |
|a Российская академия наук (РАН)
|b Институт химии силикатов им. И. В. Гребенщикова (ИХС)
|c (Санкт-Петербург)
|2 stltpush
|3 (RuTPU)RU\TPU\col\274
|
| 801 |
|
0 |
|a RU
|b 63413507
|c 20011209
|g PSBO
|
| 801 |
|
2 |
|a RU
|b 63413507
|c 20170110
|g PSBO
|
| 942 |
|
|
|c BK
|